Statystyki dla Postacie z serialu "Przyjaciele"

Kliknij tutaj aby rozwiązać quiz!

Ogólne statystyki

  • Ten quiz został rozwiązany 210 razy
  • Średni wynik to 5 z 6

Statystyki odpowiedzi

Odpowiedź% Poprawnych
Ross Geller
97%
Rachel Green
93%
Monica Geller
90%
Chandler Bing
89%
Joey Tribbiani
83%
Phoebe Buffay
78%

Rozkład punktacji

Percentyl według liczby udzielonych odpowiedzi

Procent ludzi z każdym wynikiem

Twoja historia wyników

Nie rozwiązałeś tego quizu